Martín Lutero (Record no. 179893)

MARC details
000 -LEADER
campo de control de longitud fija 00626nam a2200205 i 4500
001 - NÚMERO DE CONTROL
campo de control 179893
003 - IDENTIFICADOR DE NÚMERO DE CONTROL
campo de control ES-MaACL
005 - FECHA Y HORA DE LA ÚLTIMA TRANSACCIÓN
campo de control 20230906220932.0
008 - DATOS DE LONGITUD FIJA--INFORMACIÓN GENERAL
campo de control de longitud fija 120221s1968 sp |||| |bspa d
080 ## - NÚMERO DE LA CLASIFICACIÓN DECIMAL UNIVERSAL
Número de la Clasificación Decimal Universal 929Luther, Martin
100 1# - ENTRADA PRINCIPAL--NOMBRE DE PERSONA
Nombre de persona Alarcón Benito, Juan.
9 (RLIN) 19136
245 10 - MENCIÓN DEL TÍTULO
Título Martín Lutero
Resto del título : el monje rebelde /
Mención de responsabilidad, etc. por Juan Alarcón.
260 ## - PUBLICACIÓN, DISTRIBUCIÓN, ETC.
Lugar de publicación, distribución, etc. Madrid :
Nombre del editor, distribuidor, etc. Vassallo de Mumbert,
Fecha de publicación, distribución, etc. 1968.
300 ## - DESCRIPCIÓN FÍSICA
Extensión 62 p., [8] p. de lám. :
Otras características físicas il. ;
Dimensiones 27 cm.
490 1# - MENCIÓN DE SERIE
Mención de serie Siglo ilustrado
600 17 - PUNTO DE ACCESO ADICIONAL DE MATERIA--NOMBRE DE PERSONA
Nombre de persona Luther, Martin.
9 (RLIN) 74872
830 0# - PUNTO DE ACCESO ADICIONAL DE SERIE-TÍTULO UNIFORME
Título uniforme Siglo ilustrado
9 (RLIN) 176630
852 ## - LOCALIZACIÓN
Ubicación ES-MaACL
Número de control de estantería 2292-F-11
Holdings
Estatus retirado Estado de pérdida Estado de daño No para préstamo Colección Biblioteca de origen Biblioteca actual Ubicación en estantería Fecha de adquisición Fuente de adquisición Total de préstamos Signatura topográfica completa Código de barras Visto por última vez Precio de reemplazo Tipo de ítem Koha
        Colección de folletos Biblioteca del Ateneo de Madrid Biblioteca del Ateneo de Madrid Depósito folletos 21/02/2012     2292-F-11 1188987 23/02/2023 23/02/2023 Folleto